Technologičnosť konstrukcí strojů /

Salvato in:
Dettagli Bibliografici
Autore principale: Skibar, Karel (Autore)
Natura: Libro
Lingua:ceco
Pubblicazione: Praha : SNTL, 1962
Soggetti:
Tags: Aggiungi Tag
Nessun Tag, puoi essere il primo ad aggiungerne!!

MARC

LEADER 00000nam a22000003a 4500
001 stu42015
005 20150617225722.7
008 940208s1962----cs------------------cze-d
040 |a STU  |b slo 
041 0 |a cze 
044 |a cs 
080 |a 62-11 
100 1 |a Skibar, Karel  |4 aut 
245 1 |a Technologičnosť konstrukcí strojů /  |c [aut.]Karel Skibar 
260 |a Praha :  |b SNTL,  |c 1962 
300 |a 375 s 
650 7 |a stroje  |2 stusub 
650 7 |a konštrukcie  |2 stusub 
996 |b 284M020703  |c M*4778-1  |l MMKN  |s A  |a 24  |w stu42015_0001